LEADER 00529nam a2200169 i 4500 001 000000218237 003 CaOOAMICUS 005 20130122000000.0 008 130122s1902 xx u000 u lat u 013 $a197134 040 $aSeMil$bita 245 10$a21. 300 $a215 p. 773 0 $tLeonis 13. pontificis maximi Acta.$dRoma : Ex Typ. Vaticana, 1881-1905.$g21$w()27944 850 $aSeMil 852 $aSeMil$W1$xVenegono$y1$m2H IV 50 FA$j168650$B168650$CSeMilBibl$Z2$F179533 $8I 996 $6245$a21$9(OLS)http://semarc/title/266969 LEADER 01335nam a2200301 i 4500 001 000000099892 003 CaOOAMICUS 005 20201007151117.0 008 171017s2017 it u000 u ita u 013 $a72044 020 $a978-88-315-4806-9 040 $aSeMil$bita 100 1 $aBonaldi, Cristian.$0(OLS)http://semarc/name/92643 245 10$aVivere a colori :$bAngelica Tiraboschi /$cCristian Bonaldi ; [prefazione di Marco D'Agostino ; postfazione di Salvatore Martinez]. 260 $aMilano :$bPaoline,$c2017. 300 $a235 p., [7] p. di tav. :$bill. ;$c21 cm. 490 0 $aLibroteca Paoline ;$v209 650 4$aTiraboschi, Angelica <1995-2015>.$0(OLS)http://semarc/subject/45883 700 1 $aD'Agostino, Marco,$c.$0(OLS)http://semarc/name/93373 700 1 $aMartinez, Salvatore,$d<1966- >.$0(OLS)http://semarc/name/43626 830 0$aLibroteca Paoline ;$v209.$0(OLS)http://semarc/title/8178 850 $aSeMil 852 $aSeMil$W1$xVenegono$y1$m3J VI 29$j57228$B57228$CSeMilBibl$Z2$F67403 $81 961 $aOmaggio: Altro 996 $6020$a978-88-315-4806-9$9(OLS)http://semarc/number/272423 996 $6245$aVivere a colori :$bAngelica Tiraboschi$9(OLS)http://semarc/title/406593 996 $6260$aMilano :$bPaoline$9(OLS)http://semarc/publisher/29684